El Desarrollo Territorial y la Autonomía Local en la Integración Centramericana : 16 de abril de 2008 16 de abril de 2008
Descripción Física:
1 CD-ROM ; 12 cm
MARC
| LEADER | 00000nam a2200000Ia 4500 | ||
|---|---|---|---|
| 001 | 24237 | ||
| 003 | BGR | ||
| 005 | 20260324180609.0 | ||
| 008 | 160829s2008 xx 000 0 cat d | ||
| 080 | |a CD-1-232 | ||
| 245 | |a El Desarrollo Territorial y la Autonomía Local en la Integración Centramericana : |b 16 de abril de 2008 | ||
| 260 | |a San Salvador : |b Foro Autoridades Locales de Centroamérica, |c 2008 | ||
| 300 | |a 1 CD-ROM ; |c 12 cm | ||
| 590 | |a Conté: 260 fitxers en format jpg. | ||
| 590 | |a Participa la Diputació de Barcelona | ||
| 650 | |a Desenvolupament comunitari |x Amèrica Central |9 49648 | ||
| 650 | |a Autonomia municipal |x Amèrica Central |9 49649 | ||
| 710 | 1 | |a Barcelona (Catalunya : Província). |b Diputació |9 52408 | |
| 711 | |a Foro Autoridades Locales de Centroamérica |9 70898 | ||
| 901 | |a Arxiu | ||
| 942 | |n 1 |2 udc |c MON | ||
| 952 | |0 0 |1 0 |4 0 |6 CD1232 |7 1 |9 55513 |a Arxiu |b Arxiu |d 2016-12-01 |l 0 |o CD-1-232 |p 24237 |r 2016-12-01 00:00:00 |w 2016-12-01 |y ARXIU | ||
| 999 | |c 59386 |d 59386 | ||